[Event "AUTO-ADV-1486"]
[Site "http://www.queenalice.com/game.php?id=772701"]
[Date "2010.5.8"]
[Round "2"]
[White "pgierech"]
[Black "kiwinap"]
[Result "1-0"]
[WhiteElo "1952"]
[BlackElo "2039"]

1. d4 d5 2. Nf3 Nc6 3. e3 Nf6 4. c4 e6 5. Nc3 Bb4 6. a3 Bxc3+ 7. bxc3 O-O 8.
cxd5 exd5 9. Bd3 Bg4 10. O-O Ne4 11. Qc2 f5 12. c4 Kh8 13. cxd5 Qxd5 14. Nd2 Bh5
15. Nxe4 fxe4 16. Bxe4 Qg5 17. Rb1 Bf3 18. Bxf3 Rxf3 19. Rxb7 Rf6 20. Rxc7 Rg6
21. g3 Ne7 22. a4 h5 23. Ba3 Nf5 24. Qe4 h4 25. Qxa8+ Kh7 26. Rc8 1-0

[Event "AUTO-ADV-1486"]
[Site "http://www.queenalice.com/game.php?id=772702"]
[Date "2010.5.8"]
[Round "2"]
[White "kiwinap"]
[Black "Clauceri"]
[Result "1-0"]
[WhiteElo "2012"]
[BlackElo "1909"]

1. f4 d5 2. Nf3 Nf6 3. e3 e6 4. b3 c5 5. Bb2 Be7 6. Bb5+ Bd7 7. Qe2 O-O 8. O-O
a6 9. Bxd7 Qxd7 10. d4 Nc6 11. Ne5 Qc7 12. c3 Ne4 13. Nd2 f6 14. Nxc6 Qxc6 15.
Nxe4 dxe4 16. Rad1 Rad8 17. c4 Rd7 18. f5 cxd4 19. exd4 exf5 20. Rxf5 g6 21.
Rff1 f5 22. Kh1 g5 23. d5 Qh6 24. Qe3 Rd6 25. b4 1-0

[Event "AUTO-ADV-1486"]
[Site "http://www.queenalice.com/game.php?id=772703"]
[Date "2010.5.8"]
[Round "2"]
[White "Clauceri"]
[Black "kiwinap"]
[Result "0-1"]
[WhiteElo "1985"]
[BlackElo "1996"]

1. c4 Nf6 2. Nc3 d5 3. cxd5 Nxd5 4. Nf3 Nc6 5. e4 Nxc3 6. bxc3 e5 7. Bb5 Bd7 8.
Rb1 Bc5 9. Qa4 Qe7 10. O-O O-O-O 11. Ba3 Bxa3 12. Bxc6 Bxc6 13. Qxa7 Bc5 14. Qa5
Bb6 15. Rxb6 cxb6 16. Qxb6 Bxe4 17. Re1 Bxf3 18. gxf3 Rxd2 19. a4 Rhd8 20. a5
Rd1 21. Kf1 Rxe1+ 22. Kxe1 Qd6 0-1

[Event "Let's Play Chess!"]
[Site "http://www.queenalice.com/game.php?id=935931"]
[Date "2011.5.9"]
[Round "-"]
[White "P17"]
[Black "kiwinap"]
[Result "1-0"]
[WhiteElo "2144"]
[BlackElo "2020"]

1. f4 d5 2. Nf3 Bg4 3. Ne5 Bf5 4. d3 Nf6 5. e3 e6 6. Be2 Nbd7 7. O-O Bd6 8. Nf3
Qe7 9. Nc3 O-O-O 10. Nb5 Bc5 11. d4 Bb6 12. a4 a6 13. a5 axb5 14. axb6 Nxb6 15.
Bxb5 Ne4 16. Bd2 Nxd2 17. Qxd2 c6 18. Be2 h6 19. b4 Kc7 20. b5 Ra8 21. Rab1 Ra7
22. bxc6 bxc6 23. Ne5 Rha8 24. Qc3 Nc4 25. Bxc4 dxc4 26. Qxc4 Be4 27. Rb4 Bd5
28. Qc3 Ra3 29. Qd2 Ra2 30. Rfb1 c5 31. Rb5 Ra1 32. Rxc5+ Kd6 33. Rb5 Rxb1+ 34.
Rxb1 Kc7 35. Qc3+ Kd8 36. Nc6+ Bxc6 37. Qxc6 Rc8 38. Qb6+ Qc7 39. Qxc7+ Rxc7 40.
Rc1 Rc3 41. Kf2 Kd7 42. Ke2 Kd6 43. Kd2 Ra3 44. c4 Ra2+ 45. Rc2 Ra1 46. Kd3 Rd1+
47. Rd2 Ra1 48. c5+ Kd5 49. e4+ Kc6 50. Rc2 Ra3+ 51. Rc3 Ra2 52. Rc2 Ra3+ 53.
Ke2 h5 54. g3 f6 55. Rb2 Ra4 56. Rd2 g6 57. h3 Ra3 58. Rd3 Ra2+ 59. Kf3 Rh2 60.
d5+ exd5 61. exd5+ Kd7 62. d6 Rc2 63. Rd5 Rc3+ 64. Ke4 Rc4+ 65. Kd3 Rc1 66. Kd2
Rc4 67. g4 hxg4 68. hxg4 Rxf4 69. c6+ Kd8 70. d7 Rc4 71. Rd6 f5 72. Rxg6 Rd4+
73. Ke3 Rd5 74. Rg8+ Kc7 75. Rc8+ 1-0

[Event "AUTO-MASTER-1404"]
[Site "http://www.queenalice.com/game.php?id=936057"]
[Date "2011.5.9"]
[Round "1"]
[White "MarceloPadre"]
[Black "kiwinap"]
[Result "0-1"]
[WhiteElo "2079"]
[BlackElo "2003"]

1. f4 f5 2. Nf3 g6 3. e3 Bg7 4. d4 Nf6 5. Bd3 d6 6. Nc3 c5 7. O-O cxd4 8. exd4
O-O 9. Re1 Nc6 10. h3 e6 11. d5 Nxd5 12. Nxd5 exd5 13. c3 Re8 14. Be3 Bd7 15.
Qb3 Ne7 16. Bd4 Bxd4+ 17. Nxd4 Bc6 18. Re6 Nc8 19. Rae1 Rxe6 20. Rxe6 Nb6 21.
Bxf5 gxf5 22. Nxf5 Qd7 23. Rf6 Rf8 24. Rxf8+ Kxf8 25. Nd4 Qe7 26. Kf2 Qe4 27. g3
Nc4 28. Qd1 Bd7 29. Qh5 Qe3+ 0-1

[Event "AUTO-MASTER-1404"]
[Site "http://www.queenalice.com/game.php?id=936058"]
[Date "2011.5.9"]
[Round "1"]
[White "kiwinap"]
[Black "MarceloPadre"]
[Result "1/2-1/2"]
[WhiteElo "2022"]
[BlackElo "2060"]

1. f4 d5 2. Nf3 e6 3. e3 c5 4. c4 Nc6 5. cxd5 exd5 6. Bb5 Nf6 7. O-O Bd6 8. Ne5
Qc7 9. b3 Bxe5 10. fxe5 Qxe5 11. Nc3 Ng4 12. g3 h5 13. Qf3 Be6 14. Bb2 Qg5 15.
Na4 Qe7 16. Rac1 O-O-O 17. Rxc5 Rd6 18. Rfc1 Bd7 19. Rxd5 Rxd5 20. Qxd5 h4 21.
Nc5 hxg3 22. hxg3 Rd8 23. Nxd7 Rxd7 24. Qg2 Nxe3 25. dxe3 Qxe3+ 26. Kh1 Rd2 27.
Qh3+ Kc7 28. Bxg7 Qf3+ 29. Kg1 Qe3+ 1/2-1/2

[Event "AUTO-MASTER-1404"]
[Site "http://www.queenalice.com/game.php?id=936071"]
[Date "2011.5.9"]
[Round "1"]
[White "kiwinap"]
[Black "beckhamf2000"]
[Result "0-1"]
[WhiteElo "2026"]
[BlackElo "1856"]

1. f4 d5 2. Nf3 c5 3. e3 Nc6 4. Bb5 Qc7 5. Ne5 Bd7 6. Nxd7 Qxd7 7. O-O O-O-O 8.
Qf3 Nf6 9. Nc3 e6 10. d4 Bd6 11. dxc5 Bxc5 12. Kh1 Qd6 13. Bxc6 bxc6 14. Na4 e5
15. Nxc5 Qxc5 16. fxe5 Ne4 17. b3 Qxc2 18. Qxf7 Rhf8 19. Qe6+ Kb8 20. Rxf8 Rxf8
21. Ba3 Qc3 22. Bd6+ Ka8 23. Rb1 Qd3 24. h3 Qxb1+ 25. Kh2 Nxd6 26. exd6 Qg6 27.
Qd7 Qe8 28. Qxg7 Qf7 29. Qc3 Qd7 30. Qe5 Re8 31. Qf4 Re4 32. Qg3 Kb7 33. a3 c5
34. a4 d4 35. Qf3 Qxd6+ 36. Kg1 Qe7 37. exd4 cxd4 38. b4 Kc7 39. b5 Re1+ 40. Kf2
Qe3+ 0-1

[Event "AUTO-MASTER-1404"]
[Site "http://www.queenalice.com/game.php?id=936072"]
[Date "2011.5.9"]
[Round "1"]
[White "beckhamf2000"]
[Black "kiwinap"]
[Result "1-0"]
[WhiteElo "1913"]
[BlackElo "2024"]

1. d4 d5 2. c4 e6 3. Nc3 Bb4 4. Nf3 Ne7 5. Bg5 Nbc6 6. e3 O-O 7. Qc2 h6 8. Bh4
Qd7 9. Bd3 dxc4 10. Bxc4 Nf5 11. O-O-O Nxh4 12. Nxh4 Na5 13. Bd3 b6 14. f4 Bb7
15. Nf3 Bd5 16. Nxd5 exd5 17. Ne5 Qe6 18. Qa4 c5 19. a3 Bxa3 20. bxa3 c4 21. Bb1
c3 22. Qc2 f5 23. Rd3 Rac8 24. Kd1 Nc4 25. Ke2 Nxa3 26. Qc1 Nxb1 27. Qxb1 Rc7
28. Rc1 Rfc8 29. Qb3 a5 30. Rdxc3 Rxc3 31. Rxc3 Rxc3 32. Qxc3 Kh7 33. Qc6 Qxc6
34. Nxc6 Kg6 35. Ne7+ Kf7 36. Nxd5 b5 37. Nc3 b4 38. Na4 g5 39. Kf3 Ke6 40. e4
fxe4+ 41. Kxe4 gxf4 42. d5+ Kd6 43. Kd4 h5 44. h4 Kc7 45. Kc5 Kd7 46. d6 Kc8 47.
Kc6 b3 48. d7+ Kd8 49. Nb2 1-0

[Event "AUTO-MASTER-1404"]
[Site "http://www.queenalice.com/game.php?id=936073"]
[Date "2011.5.9"]
[Round "1"]
[White "kiwinap"]
[Black "carver"]
[Result "1-0"]
[WhiteElo "1986"]
[BlackElo "1919"]

1. f4 d5 2. Nf3 Nf6 3. e3 Bg4 4. Be2 e6 5. b3 g6 6. Bb2 Bg7 7. Ne5 Bxe2 8. Qxe2
O-O 9. O-O Nbd7 10. d3 Ne8 11. d4 Nd6 12. c4 c6 13. Nd2 Rc8 14. c5 Nb5 15. a4
Nc7 16. b4 b6 17. Nxc6 Qe8 18. Nxa7 Ra8 19. Nb5 Nxb5 20. Qxb5 bxc5 21. Nf3 Rb8
22. Qd3 Rxb4 23. Ba3 c4 24. Qd2 Rb3 25. Bxf8 Bxf8 26. Rfb1 Qb8 27. Qc2 Qb4 28.
Rxb3 cxb3 29. Qb2 Nb6 30. Rb1 Nxa4 31. Qxb3 Qxb3 32. Rxb3 Kg7 33. Rb7 Bd6 34.
Ne5 Bxe5 35. fxe5 Nc3 36. Kf2 Ne4+ 37. Kf3 h5 38. h3 Nd2+ 39. Kf4 Ne4 40. g4 g5+
41. Kf3 h4 42. Rc7 Ng3 43. Rc1 Ne4 44. Ke2 Ng3+ 45. Kd3 Ne4 46. Rf1 Ng3 47. Rg1
Kg6 48. Rxg3 hxg3 49. Ke2 f5 50. exf6 Kxf6 51. Kf3 g2 52. Kxg2 e5 53. Kg3 e4 54.
h4 gxh4+ 55. Kxh4 Kg6 56. g5 Kg7 57. Kh5 Kh7 58. g6+ Kg7 59. Kg5 Kg8 60. Kf6 Kf8
61. Ke5 1-0

[Event "AUTO-MASTER-1404"]
[Site "http://www.queenalice.com/game.php?id=936074"]
[Date "2011.5.9"]
[Round "1"]
[White "carver"]
[Black "kiwinap"]
[Result "1-0"]
[WhiteElo "1899"]
[BlackElo "2006"]

1. d4 d5 2. c4 e6 3. a3 b6 4. Nc3 Bb7 5. Nf3 Nf6 6. Bg5 Be7 7. e3 O-O 8. Bd3
Nbd7 9. O-O h6 10. Bxf6 Nxf6 11. b3 Ne4 12. Bxe4 dxe4 13. Nd2 f5 14. b4 c5 15.
dxc5 bxc5 16. b5 Bf6 17. Rc1 Qd3 18. Qc2 Rfd8 19. Qxd3 Rxd3 20. Ndb1 Rad8 21.
Na4 Be7 22. Nbc3 e5 23. Rfd1 Rxd1+ 24. Rxd1 Rxd1+ 25. Nxd1 Kf7 26. Ndc3 Ke6 27.
b6 axb6 28. Nxb6 Kd6 29. a4 Bd8 30. Ncd5 Kc6 31. a5 Ba6 32. Kf1 g5 33. Ke2 h5
34. f3 exf3+ 35. gxf3 g4 36. fxg4 fxg4 37. Kf2 h4 38. e4 Bxb6 39. Nxb6 Bb7 40.
Nd5 Ba6 41. Nb6 Kd6 42. Kg2 Ke6 43. Kf2 Bb7 44. Nd5 Bc8 45. a6 Kd6 46. a7 Bb7
47. Ne3 g3+ 48. hxg3 hxg3+ 49. Kxg3 Kc7 50. Nd5+ Kc6 51. Kg4 Ba8 52. Kf5 Kb7 53.
Kxe5 Kxa7 54. Kd6 Bb7 55. Kxc5 Kb8 56. Kd6 Kc8 57. c5 Kd8 58. c6 Ba6 59. c7+ Ke8
60. e5 Bb7 61. e6 1-0

[Event "Challenge"]
[Site "http://www.queenalice.com/game.php?id=937350"]
[Date "2011.5.12"]
[Round "-"]
[White "edemarc"]
[Black "kiwinap"]
[Result "0-1"]
[WhiteElo "1660"]
[BlackElo "2024"]

1. e4 e5 2. Nc3 Nf6 3. Nf3 Nc6 4. d3 d6 5. Bg5 Be7 6. Be2 h6 7. Bd2 Be6 8. Nb5
a6 9. Na3 Qd7 10. O-O O-O-O 11. b4 g5 12. c4 g4 13. Nh4 Nxe4 14. dxe4 Bxh4 15.
b5 axb5 16. Nxb5 Bg5 17. Bc3 f5 18. exf5 Bxf5 19. a4 h5 20. a5 g3 21. hxg3 h4
22. a6 hxg3 23. fxg3 Be3+ 24. Rf2 Qh7 25. axb7+ Kxb7 26. Nxd6+ cxd6 27. Qb3+ Kc7
28. Ra7+ Bxa7 29. Kf1 Qh1# 0-1

[Event "Challenge"]
[Site "http://www.queenalice.com/game.php?id=937578"]
[Date "2011.5.13"]
[Round "-"]
[White "kiwinap"]
[Black "quietman"]
[Result "1-0"]
[WhiteElo "2004"]
[BlackElo "1572"]

1. f4 d5 2. Nf3 g6 3. e3 Bg7 4. d4 b6 5. c4 dxc4 6. Bxc4 Nf6 7. Nc3 O-O 8. O-O
Bg4 9. b4 c5 10. bxc5 bxc5 11. Bb2 cxd4 12. Qxd4 Qxd4 13. Nxd4 Nbd7 14. h3 Bf5
15. Nxf5 gxf5 16. Rad1 Nc5 17. Ba3 Nfd7 18. Nd5 Ne4 19. Nxe7+ Kh8 20. Rxd7 Ng3
21. Rfd1 Rae8 22. Nd5 Re4 23. Bxf8 Bxf8 24. Bb3 Bc5 25. Rxf7 1-0

[Event "QA-ANNIV-07"]
[Site "http://www.queenalice.com/game.php?id=950789"]
[Date "2011.6.16"]
[Round "1"]
[White "kiwinap"]
[Black "lupengui"]
[Result "0-1"]
[WhiteElo "2006"]
[BlackElo "2618"]

1. f4 d5 2. Nf3 Nf6 3. e3 g6 4. c4 Bg7 5. cxd5 Nxd5 6. Nc3 O-O 7. Bc4 Nb6 8. Bb3
c5 9. O-O c4 10. Bc2 Nc6 11. b3 Nb4 12. Bb2 Bg4 13. h3 Bxf3 14. Rxf3 Qd7 15. a3
Nxc2 16. Qxc2 Rfd8 17. Rf2 Qd3 18. Qxd3 Rxd3 19. b4 Rad8 20. Rd1 Bxc3 21. Bxc3
Rxc3 22. dxc3 Rxd1+ 23. Rf1 Rxf1+ 24. Kxf1 Na4 25. Ke1 Nxc3 0-1

[Event "AUTO-MASTER-1454"]
[Site "http://www.queenalice.com/game.php?id=963413"]
[Date "2011.7.22"]
[Round "1"]
[White "luiz_antonio"]
[Black "kiwinap"]
[Result "1/2-1/2"]
[WhiteElo "1862"]
[BlackElo "1982"]

1. e4 e5 2. Bc4 Nf6 3. d3 Nc6 4. a4 d6 5. h3 Be6 6. Bxe6 fxe6 7. Bd2 Be7 8. Nc3
d5 9. Nf3 O-O 10. O-O h6 11. Qe2 d4 12. Nb5 Nh7 13. c4 a6 14. Na3 Ng5 15. Nxg5
Bxg5 16. g3 Qf6 17. h4 Bxh4 18. gxh4 Qxh4 19. f3 Rf6 20. Rf2 Raf8 21. Raf1 Qg3+
22. Rg2 Qh3 23. Rff2 Rxf3 24. Nc2 Rxf2 25. Rxf2 Rxf2 26. Qxf2 Qxd3 27. Ne1 Qxe4
28. Nf3 Qb1+ 29. Be1 e4 30. Nd2 Qxb2 31. Nxe4 Qxf2+ 32. Bxf2 Na5 33. Nd2 c5 34.
Kg2 Kf7 35. Kf3 e5 36. Ke4 Ke6 37. Bg3 Nc6 38. Nb3 b6 39. Nd2 g5 40. Nf3 g4 41.
Nxe5 Nxe5 42. Bxe5 h5 43. Bg3 Kd7 44. Kf5 Kc6 45. Ke4 b5 46. axb5+ axb5 47. Kd3
bxc4+ 48. Kxc4 Kd7 49. Kxc5 d3 50. Bf4 Ke6 51. Kd4 Kf5 52. Bd2 g3 53. Kxd3 Kg4
54. Ke2 Kh3 55. Kf3 h4 56. Be3 g2 57. Bg1 1/2-1/2

[Event "AUTO-MASTER-1454"]
[Site "http://www.queenalice.com/game.php?id=963414"]
[Date "2011.7.22"]
[Round "1"]
[White "kiwinap"]
[Black "luiz_antonio"]
[Result "0-1"]
[WhiteElo "2005"]
[BlackElo "1831"]

1. f4 b5 2. Nf3 a5 3. e3 c6 4. c4 bxc4 5. Bxc4 d5 6. Bb3 Ba6 7. Nc3 Nf6 8. d3 e6
9. O-O Nbd7 10. Ba4 Qb6 11. Re1 Nc5 12. Bc2 Be7 13. d4 Nce4 14. Bd3 Bb4 15. Bxa6
Qxa6 16. Qc2 O-O 17. a3 Bxc3 18. bxc3 Rab8 19. Bd2 Rfc8 20. Rab1 g6 21. Rxb8
Rxb8 22. c4 Qxc4 23. Qxc4 dxc4 24. Bxa5 Nd5 25. Ne5 Rb3 26. Nxc4 f6 27. g3 c5
28. dxc5 Nxc5 29. e4 Nc3 30. e5 f5 31. Re3 Rb1+ 32. Kg2 Nd5 33. Re2 Nb7 34. Be1
Nc5 35. Nd6 Nd3 36. Bf2 Ra1 37. Nc4 N5xf4+ 38. gxf4 Nxf4+ 39. Kf3 Nxe2 40. Kxe2
h5 41. Kf3 g5 42. h4 g4+ 43. Kf4 Rf1 44. Kg3 f4+ 45. Kg2 Rc1 46. Nd2 Rc3 47. Ne4
Rxa3 48. Nc5 Kf7 49. Ne4 Ra2 50. Kf1 f3 51. Ng5+ Kg6 52. Ne4 Re2 0-1

[Event "AUTO-MASTER-1454"]
[Site "http://www.queenalice.com/game.php?id=963429"]
[Date "2011.7.22"]
[Round "1"]
[White "Lomax"]
[Black "kiwinap"]
[Result "1-0"]
[WhiteElo "2074"]
[BlackElo "2030"]

1. Nf3 Nf6 2. g3 d5 3. Bg2 Bf5 4. O-O e6 5. d3 Nc6 6. Nbd2 Bc5 7. h3 Qd7 8. c4
dxc4 9. Nxc4 O-O 10. Bg5 Be7 11. e4 Bg6 12. Qb3 Rab8 13. Rac1 Nd4 14. Nxd4 Qxd4
15. Be3 Qd7 16. Ne5 Qd8 17. Bxa7 Ra8 18. Nxg6 hxg6 19. Be3 Bd6 20. e5 Bxe5 21.
Bxb7 Ra5 22. Rc5 Rxc5 23. Bxc5 Bd6 24. Rc1 Qe7 25. d4 Bxc5 26. dxc5 Rd8 27. a4
Qd7 28. a5 c6 29. a6 Nd5 30. Rd1 Qe7 31. a7 Nc7 32. Rxd8+ Qxd8 33. Bxc6 1-0

[Event "AUTO-MASTER-1454"]
[Site "http://www.queenalice.com/game.php?id=963430"]
[Date "2011.7.22"]
[Round "1"]
[White "kiwinap"]
[Black "Lomax"]
[Result "0-1"]
[WhiteElo "2016"]
[BlackElo "2132"]

1. f4 g6 2. Nf3 d5 3. e3 Bg7 4. c4 Nf6 5. cxd5 O-O 6. Bc4 Nxd5 7. Nc3 Nb6 8. Bb3
c5 9. O-O Nc6 10. d3 Bf5 11. e4 Bg4 12. h3 Bxf3 13. Rxf3 Nd4 14. Rg3 Qd7 15. Ne2
Nxb3 16. Qxb3 Rfc8 17. Be3 c4 18. dxc4 Nxc4 19. Rd1 Qc6 20. e5 Nxe3 21. Rxe3 e6
22. Rc1 Qd7 23. Rd1 Qe7 24. Red3 Rc7 25. Nc3 Rac8 26. Nb5 Rc1 27. Nd6 R8c7 28.
Rxc1 Rxc1+ 29. Kh2 g5 30. Qxb7 Qxb7 31. Nxb7 gxf4 32. Rd8+ Bf8 33. Ra8 Rc2 34.
Rxa7 f3 35. Kg1 Rxg2+ 36. Kf1 Rxb2 37. Nd6 Rd2 38. Ne4 Rc2 39. a4 Ba3 40. Ng5
Bc5 0-1

[Event "AUTO-MASTER-1454"]
[Site "http://www.queenalice.com/game.php?id=963439"]
[Date "2011.7.22"]
[Round "1"]
[White "Whoami"]
[Black "kiwinap"]
[Result "0-1"]
[WhiteElo "2130"]
[BlackElo "1999"]

1. c4 Nf6 2. g3 g6 3. Bg2 Bg7 4. Nc3 c6 5. e4 d6 6. Nge2 O-O 7. b4 Nbd7 8. d4 e5
9. O-O exd4 10. Nxd4 Ne5 11. Qe2 Qb6 12. Nc2 Bg4 13. Qe3 Nxc4 14. Qf4 Rad8 15.
h3 Be6 16. Rd1 Nh5 17. Qf3 f5 18. Be3 Nxe3 19. Qxe3 Qxe3 0-1

[Event "AUTO-MASTER-1454"]
[Site "http://www.queenalice.com/game.php?id=963440"]
[Date "2011.7.22"]
[Round "1"]
[White "kiwinap"]
[Black "Whoami"]
[Result "1-0"]
[WhiteElo "2009"]
[BlackElo "2142"]

1. f4 g6 2. Nf3 Bg7 3. e3 d5 4. d4 c5 5. c3 Nc6 6. Bb5 Qb6 7. Bxc6+ bxc6 8. O-O
Nf6 9. Nbd2 O-O 10. Re1 Bf5 11. b3 a5 12. Ba3 cxd4 13. exd4 e6 14. Bxf8 Bxf8 15.
h3 h5 16. Ne5 Ne4 17. Nxe4 Bxe4 18. Nd7 Qd8 19. Nxf8 Qxf8 20. Qe2 Qd6 21. Qe3
Rc8 22. Re2 c5 23. a3 Qb6 24. Rb2 Qb5 25. c4 cxd4 26. Qxd4 Qb7 27. c5 Qb5 28. b4
a4 29. Rc1 Rc6 30. Rc3 Kf8 31. g4 hxg4 32. hxg4 Ke7 33. Rh2 1-0

[Event "QA-ANNIV-07"]
[Site "http://www.queenalice.com/game.php?id=992113"]
[Date "2011.10.1"]
[Round "2"]
[White "TheAvenger"]
[Black "kiwinap"]
[Result "0-1"]
[WhiteElo "1450"]
[BlackElo "1977"]

1. e4 e5 2. f4 exf4 3. Nf3 Be7 4. Bc4 Bh4+ 5. Nxh4 Qxh4+ 6. Kf1 d6 7. d3 Bg4 8.
Qe1 Qxe1+ 9. Kxe1 g5 10. h3 Be6 11. Na3 Bxc4 12. Nxc4 Nc6 13. Bd2 Nge7 14. Ke2
O-O-O 15. Rae1 Ne5 0-1

[Event "Challenge"]
[Site "http://www.queenalice.com/game.php?id=998715"]
[Date "2011.10.18"]
[Round "-"]
[White "Ebbe"]
[Black "kiwinap"]
[Result "0-1"]
[WhiteElo "1836"]
[BlackElo "1979"]

1. e4 e5 2. Nf3 Nc6 3. Nc3 d6 4. h3 Nf6 5. b3 Be6 6. Bb2 Be7 7. Bb5 a6 8. Bxc6+
bxc6 9. d4 exd4 10. Nxd4 Bd7 11. Qe2 O-O 12. O-O-O a5 13. e5 Ne8 14. Kb1 c5 15.
Nf3 a4 16. Nd2 axb3 17. Nxb3 Qc8 18. Nd5 Bd8 19. exd6 cxd6 20. Ne7+ Bxe7 21.
Qxe7 Be6 22. Qg5 Qa6 23. Kc1 f6 24. Qe3 Bf7 25. a3 Nc7 26. Qg3 Nb5 27. Kd2 Nxa3
28. Bxf6 Bg6 29. Bc3 Nxc2 30. Rb1 Nb4 31. Ra1 Qc6 32. Qg5 Rxf2+ 33. Kc1 Na2+ 34.
Rxa2 Rfxa2 35. Bb2 Qe4 36. Qd2 Qb1# 0-1